000 00775nam a22001937a 4500
999 _c80767
_d80767
008 201130b ||||| |||| 00| 0 eng d
040 _bger
_cDE-2950
_erda
_aDE-2950
041 _ager
100 _aThiessen, Ulrich:
245 _aBrandenburg öffnet Gärtnereien und Baumschulen.
_bPandemie: Landbereitet sich auf Schließung der polnischen grenze vor. Noch vor Ostern soll der Einzelhandel wieder starten können /
_cUlrich Thiessen
653 _aBrandenburg <Land>
653 _aPandemie / Covid19
653 _aEinzelhandel
773 _dFrankfurt (Oder): Märkisches Verlags- und Druckhaus GmbH & Co KG
_g32. Jahrgang (2021) Nr. 45 vom 23.02.2021, S. 15
_tMärkische Oderzeitung
942 _cA